| 000 | 00797nam a22002297a 4500 | ||
|---|---|---|---|
| 999 |
_c10578 _d10578 |
||
| 003 | AR-CdUCM | ||
| 008 | 190401b ||||| |||| 00| 0 spa d | ||
| 040 |
_aMUNICIPALIDAD PROVINCIAL DEL CUSCO _cBIBLIOTECA MUNICIPAL DEL CUSCO |
||
| 041 | _hrus | ||
| 082 |
_a891.7 / _bR116T |
||
| 100 |
_aRabinovich, José _927527 |
||
| 245 | _aTercera clase / | ||
| 260 |
_aBuenos Aires: _bSophos, _c1944. |
||
| 300 |
_a224 páginas ; _c21 cm. |
||
| 500 | _aDonación de la familia Nieto. Dedicatoria a Luis Nieto. | ||
| 505 | _aContenido: Acerca de Schaie, el planchador -- Cirios sabáticos -- Calmen y Don Pedro -- Huérfanos de vivos ... | ||
| 650 |
_aLiteratura Rusa _910457 |
||
| 650 |
_aSiglo XX _98 |
||
| 700 |
_aMactas de Polak, Rebeca (traductor) _927528 |
||
| 942 |
_2ddc _cLIBROS |
||
| 945 | _acmm | ||